1498 1824 1717 1305 1012 1315 1290 1241 1933 1236 1794 1621 1871 1838 1495 1730 1754 1306 1060 1164 1900 1715 1638 1796 1579 1780 1642 1396 1902 1910 1399 1389 1192 1623 1306 1327 1266 1396 1997 1475 1224 1949 1656 1377 1577 1954 1927 1129 1036 1372 1540 1548 1741 1712 1136 1312 1441 1226 1605 1654 1891 1158 1949 1936 1040 1327 1007 1388 1820 1485 1286 1315 1057 1824 1144 1845 1083 1851 1290 1016 1094 1912 1220 1850 1400 1995 1131 1412 1851 1853 1713 1030 1700 1828 1668 1321 1189 1866 1533 BCNSPRNW ULIB Ver.6.0+V

เปลี่ยนเป็นภาษาไทย

Change to English
 แสดงรายละเอียดบรรณานุกรม
  กลับหน้าหลัก

Brief Record : Get Marc (ISO 2709) : E-mail record : QR code < ปิดหน้าต่าง
LEADER : 00000nam 2200000uu 4500
001    13399127470
003     ULIB
008    200604s||||||||th 000 0 tha d
020    ^a9781520650203 (pbk.)
020    ^a9781973169765 (pbk.)
050  4 ^aPE1128^bE48T
100 1  ^aElmetaher, Hosam
245 10 ^aTOEFL ITP test listening, grammar & reading /^cHosamElmetaher ... [et al.]
246 31 ^aTOEFL ITP test listening, grammar and reading
260    ^aMiddletown :^bHosam Elmetaher,^c2017
300    ^a237 p. ;^c28 cm.
650  0 ^aEnglish language^xExaminations
650  0 ^aEnglish language^xGrammar
650  0 ^aEnglish language^vTextbooks for foreign speakers
650  0 ^aTest of English as a Foreign Language^vStudy guides
653    ^aTOEFL
945    ^p0^l0^i28375
999    ^adกัณชพร จุลอักษร
รายการนี้ยังไม่มีแท็ก
คุณยังไม่ได้ล็อกอิน คุณสามารถมีกิจกรรมร่วมกับเว็บไซต์ได้ แต่ต้องล็อกอินก่อน ::
  ล็อกอิน

รายการสื่อสารสนเทศ

ลำดับที่ ประเภท เลขเรียก/บาร์โค้ด สถานที่ สถานะ
1. หนังสือสำรอง
หนังสือสำรอง
PE1128 E48T ฉ.1 
  Barcode: 28375
ห้องสมุดวิทยาเขตนครสวรรค์
►หนังสือทั่วไป:l:General Books
บนชั้น

รายการใกล้เคียง
    ผู้แต่ง [Elmetaher, Hosam]

    หัวเรื่อง [English language Grammar]

BibComment


ยังไม่เคยถูกคอมเมนท์

คอมเมนท์ทรัพยากรรายการนี้
  คอมเมนท์: TOEFL ITP test l..


 Copyright 2026. Bcnsprnw @Library